Income valuation of the commercial banks

Salvato in:
Dettagli Bibliografici
Autore principale: Hrdý, Milan
Natura: Capitolo di libro
Lingua:inglese
Soggetti:
Tags: Aggiungi Tag
Nessun Tag, puoi essere il primo ad aggiungerne!!

MARC

LEADER 00000naa$a2200000$$$4500
001 0028821
005 20231004104203.1
041 0 |a eng 
044 |a CZ 
245 1 0 |a Income valuation of the commercial banks  |c Milan Hrdý 
610 2 0 |a banky obchodné 
610 2 0 |a analýza finančná 
610 2 0 |a zisk 
610 2 0 |a hodnota podniku 
610 2 0 |a metodológia 
610 2 0 |a dôchodok čistý 
610 2 0 |a dôchodok podniku 
610 2 0 |a analýza ekonomická 
100 1 |a Hrdý, Milan